Invisible 1-100 Minefield Quiz Stats

Quiz Updated Apr 30, 2017

Challenge
Share
Tweet
Embed
Score 0/100 Timer 06:00
2 Plays Today
% Correct
???
100%
???
94.7%
???
92.2%
???
90.9%
???
89.2%
???
88%
???
87.4%
???
86.3%
???
85.5%
???
84.3%
???
83.9%
???
82.4%
???
80.8%
???
79.8%
???
78.3%
???
76.4%
???
75.9%
???
74.4%
???
73%
???
71.6%
???
70.6%
???
69.8%
???
68.9%
???
68%
???
67.2%
???
65.9%
???
65.1%
???
63.8%
???
62.7%
???
61.6%
???
60.7%
???
59.9%
???
59.3%
???
58.4%
% Correct
???
57.5%
???
56.5%
???
55.4%
???
54.6%
???
53.5%
???
52.7%
???
52%
???
51%
???
49.8%
???
49.3%
???
48.2%
???
47.2%
???
46.3%
???
45.2%
???
44%
???
42.7%
???
41.6%
???
40.2%
???
39.1%
???
38.2%
???
37.4%
???
36.1%
???
35.1%
???
34%
???
32.8%
???
31.8%
???
30.6%
???
29.4%
???
28.3%
???
27.3%
???
26.3%
???
25.4%
???
24.3%
???
23.5%
% Correct
???
22.7%
???
22%
???
21.6%
???
21%
???
20.2%
???
19.6%
???
18.9%
???
18%
???
17.7%
???
16.6%
???
15.6%
???
14.7%
???
13.6%
???
12.5%
???
11.7%
???
10.8%
???
10.1%
???
9.3%
???
8.3%
???
8%
???
7.4%
???
6.8%
???
6.1%
???
5.5%
???
4.9%
???
4.5%
???
4%
???
3.5%
???
3.2%
???
2.9%
???
2.8%
???
2.7%

You're not logged in!

Compare scores with friends on all Sporcle quizzes.
Sign Up with Email
OR
Log In

You Might Also Like...

Show Comments

Extras

Top Quizzes Today


Score Distribution

Your Account Isn't Verified!

In order to create a playlist on Sporcle, you need to verify the email address you used during registration. Go to your Sporcle Settings to finish the process.